[Event "IND-ch U09 37th"]
[Site "Pune"]
[Date "2025.01.01"]
[Round "9"]
[White "Mani, Sarbartho"]
[Black "Mehanathan, Harshavardan"]
[Result "1-0"]
[WhiteElo "1786"]
[BlackElo "1483"]
[PlyCount "101"]
[EventDate "2024.12.27"]
[EventType "swiss"]
[EventRounds "11"]
[EventCountry "IND"]
[SourceTitle "CB02_2025"]
[SourceDate "2025.01.08"]
[SourceVersion "1"]
[SourceVersionDate "2025.01.08"]
[SourceQuality "1"]

1. e4 e5 2. Nf3 Nc6 3. Bb5 a6 4. Ba4 Nf6 5. 0-0 b5 6. Bb3 Be7 7. Re1 d6 8. c3 0-0 9. h3 h6 10. d4 exd4 11. cxd4 d5 12. e5 Ne4 13. Nc3 Nxc3 14. bxc3 Bf5 15. Bc2 Qd7 16. Bd2 Bxc2 17. Qxc2 Qe6 18. Re2 Na5 19. Rae1 Nc4 20. Nh2 c5 21. f4 cxd4 22. cxd4 Qb6 23. Nf3 Rac8 24. Qd3 a5 25. Rf1 Nxd2 26. Rxd2 Rc4 27. f5 Bb4 28. Rdf2 Rfc8 29. f6 g6 30. Qe3 Kh7 31. Qf4 Rh8 32. Rd1 Qc6 33. Nh2 Kg8 34. Ng4 Bf8 35. Ne3 Rc3 36. Qf3 Qe6 37. Re2 h5 38. Qxd5 Qb6 39. Qe4 Bh6 40. Nd5 Qd8 41. Nxc3 b4 42. Nd5 Kh7 43. Ne7 Bf8 44. Qb7 Bxe7 45. fxe7 Qb8 46. Qxb8 Rxb8 47. d5 Kg7 48. d6 Re8 49. d7 Rxe7 50. d8Q b3 51. Qxe7 1-0